000
00321nam a2200121Ia 4500
008
191014s9999 xx 000 0 und d
082
_a
531.7
_b
WAN
100
_a
G.H.Wannier
_9
20352
245
0
_a
Elements of Solid State Theory
260
_a
London
_b
Cambridge University Press
_c
1960
300
_a
Vi, 270
942
_c
BK
999
_c
530927
_d
530927